| 000 | 00715nam a2200229Ia 4500 | ||
|---|---|---|---|
| 003 | OSt | ||
| 005 | 20220924113227.0 | ||
| 006 | a|||||r|||| 00| 0 | ||
| 007 | ta | ||
| 008 | 220923b |||||||| |||| 00| 0 hin d | ||
| 024 | _a158829 | ||
| 037 | _cDictionary | ||
| 040 |
_aARTS _cARTS _bhin |
||
| 041 |
_2hin _ahin |
||
| 082 | _aIk, 152K7-;1(RR) | ||
| 100 | _aजैन, सुधाशंकर | ||
| 245 | 0 |
_aवनस्पति कोश _b उपयोगी पौत्रो का हिन्दी लैटिन कोश |
|
| 260 | _c1967 | ||
| 300 |
_a97 पृ0 _ccm. |
||
| 942 |
_hIk, 152K7-;1(RR) _cdic _2cc |
||
| 999 |
_c389648 _d389648 |
||